000 01011nam a22002537a 4500
005 20240530110503.0
008 150503s2012 ua a g 000 0dara d
017 _a2012/2502
_bمصر . دار الكتب المصرية
020 _a9789774951039
040 _aEG-CaGPL
082 0 4 _221
_a303.4833\
_bف م
100 0 _aفاطمة الزهراء عبدالفتاح .
245 1 2 _aالمدونات الالكترونية و المشاركة السياسية /
_cفاطمة الزهراء عبدالفتاح .
250 _aط1.
260 _aالقاهرة :
_bدار العالم العربى ،
_c2012.
300 _a300 ص ؛
_c24 سم .
490 0 _aسلسلة اتجاهات حديثة فى الاعلام .
650 0 4 _aالمدونات الالكترونية
650 0 4 _aالاحزاب السياسية
650 0 4 _aالمشاركة السياسية
650 0 4 _aالمدونات الالكترونية
_zمصر
942 _2ddc
_cBK
999 _c61504
_d61504